Marques de moto - Statistiques

Statistiques générales
  • Ce quiz a été pris 118 fois
  • Le résultat moyen est 9 sur 35
Statistiques - réponses
Hint % Correct
Japon
84%
Italie
75%
Japon
75%
Japon
74%
Autriche
73%
Japon
70%
Allemagne
65%
Etats Unis
60%
Italie
52%
Angleterre
44%
France
26%
Espagne
23%
Suède
21%
Italie
20%
Italie
17%
Inde
16%
Italie
15%
Espagne
11%
Italie
10%
Italie
7%
Angleterre
7%
Etats Unis
6%
France
6%
Italie
5%
Itali
4%
Canada
4%
Chine
4%
Suède
2%
Italie
2%
Angleterre
1%
France
1%
Chine
0%
Italie
0%
Russie
0%
Etats Unis
0%
Aucun quiz correspondant
Distribution des résultats
% des personnes avec chaque résultat
Percentile par nombre de réponses
Votre historique - résultats
Vous n’avez pas pris ce quiz